| 000 | 00482nam a2200181Ia 4500 | ||
|---|---|---|---|
| 001 | 4301 | ||
| 005 | 20260306145746.0 | ||
| 008 | 260306t1998||||xx |||||||||||||| ||spa|| | ||
| 041 | _aESP | ||
| 082 |
_a320.51 _bJ24 |
||
| 100 |
_aJardin, André _eAUT |
||
| 245 | 0 |
_aHistoria del liberalismo político: _bde la crisis del absolutismo a la constitución de 1875 |
|
| 260 | _c1998 | ||
| 300 |
_a471 páginas : _c23 cm. |
||
| 650 | _aGEN | ||
| 654 | _aCDE | ||
| 942 |
_cLIB _dJUS _fJUS _2ddc _n |
||
| 999 |
_c4301 _d4301 |
||